Kỹ thuật nghiệp vụ ngoại thương
Zapisane w:
| 1. autor: | |
|---|---|
| Format: | Książka |
| Język: | Undetermined |
| Wydane: |
Hà Nội
Giáo Dục
2002
|
| Hasła przedmiotowe: | |
| Etykiety: |
Dodaj etykietę
Nie ma etykietki, Dołącz pierwszą etykiete!
|
| Thư viện lưu trữ: | Trung tâm Học liệu Trường Đại học Cần Thơ |
|---|
| LEADER | 00537nam a2200181Ia 4500 | ||
|---|---|---|---|
| 001 | CTU_56927 | ||
| 008 | 210402s9999 xx 000 0 und d | ||
| 082 | |a 382.104 | ||
| 082 | |b T566 | ||
| 100 | |a Vũ, Hữu Tửu | ||
| 245 | 0 | |a Kỹ thuật nghiệp vụ ngoại thương | |
| 245 | 0 | |c Vũ Hữu Tửu | |
| 260 | |a Hà Nội | ||
| 260 | |b Giáo Dục | ||
| 260 | |c 2002 | ||
| 650 | |a Commerce,International economic relations | ||
| 904 | |i Qhieu sửa | ||
| 980 | |a Trung tâm Học liệu Trường Đại học Cần Thơ | ||